Heights

Bryce Cruise, Owen Gibbs, Brayden Ferrell, Hazel Smith, Faith Grahmann


Current Events - U.S.316.67100%33%33%
Current Events - World120.00100%100%0%
Fine Arts - Architecture110.00100%0%0%
Fine Arts - Film110.00100%0%0%
Fine Arts - Jazz210.00100%0%0%
Fine Arts - Miscellaneous417.50100%75%0%
Fine Arts - Music1017.00100%60%10%
Fine Arts - Opera120.00100%100%0%
Fine Arts - Painting721.43100%86%29%
Fine Arts - Photography120.00100%100%0%
Fine Arts - Sculpture110.00100%0%0%
Geography - Europe120.00100%100%0%
Geography - United States120.00100%100%0%
History - American818.75100%63%25%
History - Cross, Historiography, and Miscellaneous720.00100%86%14%
History - European921.1189%78%44%
History - World717.14100%71%0%
Literature - American1113.6491%46%0%
Literature - British1216.67100%50%17%
Literature - European417.50100%75%0%
Literature - World and Miscellaneous1121.8291%91%36%
Other - Other Academic and General Knowledge717.14100%57%14%
RMP - Greco-Roman Mythology215.00100%50%0%
RMP - Islam210.00100%0%0%
RMP - New Testament210.00100%0%0%
RMP - Other Religion215.00100%50%0%
RMP - Philosophy516.00100%60%0%
RMP - World Mythology522.00100%100%20%
Science - Astronomy417.50100%50%25%
Science - Biology714.2986%43%14%
Science - Chemistry810.0063%13%25%
Science - Computer Science210.00100%0%0%
Science - Earth215.00100%50%0%
Science - Engineering and Miscellaneous110.00100%0%0%
Science - Math110.00100%0%0%
Science - Physics510.0080%20%0%
Social Science - Economics316.67100%67%0%
Social Science - Linguistics110.00100%0%0%
Social Science - Other215.00100%50%0%
Social Science - Psychology210.0050%0%50%
Social Science - Sociology215.00100%50%0%